00937cam a22002295a 450000500170000000800410001701000140005802000110007203500130008303700150009604000180011108200150012910000220014424501440016626000390031027000850034930000290043465100510046394200290051499900170054395201470056020081020032651.0081003s2008 ii ab b 001 0 eng  aENG-92623 c150.00 aEN-76156 bDBAD / PUB adplbEnglish  a342.540686 aVenkataraman, M.  aService matters in central government jobs:cby M. Venkataraman ban introduction for new/prospective entrants to central government jobs / aChennai bM. Venkataraman c(200?) aF-2, Navin Madhuvandhan, 94, Brindavan Street, West Mambalam, bChennai e600033 aviii, 152p. c22cm (pbk) aIndiaxOfficials and employeesxSalaries, etc. 2ddccENmVENh342.540686 c22476d22476 00102ddc40718NFICaDBADbDBADd2009-01-27eDBAD / PUBg150.00l0o342.540686 VENpEN-76156r2009-01-27 00:00:00t1v150.00w2009-01-27yEN